| 000 | 01195nam a2200265Ia 4500 | ||
|---|---|---|---|
| 003 | OSt | ||
| 005 | 20221005105527.0 | ||
| 006 | a|||||r|||| 00| 0 | ||
| 007 | ta | ||
| 008 | 221004b |||||||| |||| 00| 0 hin d | ||
| 020 |
_a9788126721115 (hbk) _cINR 350.00 |
||
| 024 | _a34801 | ||
| 037 |
_bBR3079, 15/09/2017, Rajkamal Prakashan Pvt. Ltd. _cTextual |
||
| 040 |
_aCRL _cCRL _bhin |
||
| 041 |
_2hin _ahin |
||
| 082 | _a4,1, 152Q1 | ||
| 100 | _aमंडल, दिलीप, ले. | ||
| 245 | 0 | _aकॉरपोरेट मीडियाः दलाल स्ट्रीटः पब्लिक रिलेशन, कॉरपोरेट कम्युनिकेशन और लॉबिंग | |
| 246 | _aKaॉraporeṭ mīḍiyāah dalāl sṭrīṭah pablik rileshana, kaॉraporeṭ kamyunikeshan aur laॉbianga | ||
| 260 |
_aनई दिल्ली _bराजकमल प्रकाशन भारत _c2011 |
||
| 300 |
_a223पृ0 _ccm. |
||
| 650 | _aपत्रकारिता | ||
| 942 |
_h4,1, 152Q1 _cTEXL _2cc |
||
| 999 |
_c1016083 _d1016083 |
||